000 01155cam a2200325 a 4500
003 CHAP
005 20220329142203.0
008 000203d1995 mx r 00010 spa d
010 _a79688
011 _a80660
020 _a9684962924
035 _a91111
040 _cCHAP
082 0 4 _a631.7
_bC34
100 0 0 _aCastañeda González, Rocío.
_919911
245 1 0 _aIrrigación y reforma agraria :
_blas comunidades de riego del Valle de Santa Rosalía, Chihuahua 1920-1950
_c/por Rocío Castañeda González
260 _aMéxico :
_bCentro de Investigaciones y Estudios Superiores en Antropología Social,
_c1995.
300 _a165 p.
590 _aBATCH-UPD
_b10
_c20130110
_lUCH01
_h0404
590 _aBATCH-UPD
_b10
_c20130410
_lUCH01
_h0037
590 _aBATCH-UPD
_b10
_c20130914
_lUCH01
_h0856
590 _aCONVERSION
_b10
_c20130109
_lUCH01
_h1344
650 1 4 _aIrrigación
_xChihuahua.
_960386
650 1 4 _aReforma agraria
_zChihuahua.
_995595
650 1 4 _aTierras
_xTenencia
_xChihuahua.
_9113150
901 _aBK
905 _aBlanca M. García O.
942 _cLIBRO
949 _a631.7 C34
_bBC
_cLIBRO
_d33724000740213
_eLIBRO
_h96665
_i91111
_sb
999 _c79688
_d79688